[Event "Aragon-chT Preferente Gr II"]
[Site "Aragon"]
[Date "2023.03.25"]
[Round "9.55"]
[White "Lopez Caudevilla, David"]
[Black "Lopez Guaita, Fernando"]
[Result "1-0"]
[WhiteElo "2165"]
[BlackElo "1836"]
[PlyCount "61"]
[EventDate "2023.01.28"]
[EventType "team-tourn"]
[EventRounds "9"]
[EventCountry "ESP"]
[SourceTitle "EXT 2024"]
[Source "ChessBase"]
[SourceDate "2023.10.10"]
[SourceVersion "1"]
[SourceVersionDate "2023.10.10"]
[SourceQuality "1"]
[WhiteTeam "Actur Rey Fernando"]
[BlackTeam "Utebo San Lamberto"]
[WhiteTeamCountry "ESP"]
[BlackTeamCountry "ESP"]

1. e4 c6 2. d3 d5 3. Nd2 dxe4 4. dxe4 e5 5. Ngf3 Bg4 6. h3 Bxf3 7. Qxf3 Nf6 8. Bc4 Bd6 9. 0-0 0-0 10. Rd1 Nbd7 11. Nf1 Qe7 12. Ng3 g6 13. Bh6 Rfd8 14. Nf5 gxf5 15. Qg3+ Ng4 16. exf5 Ndf6 17. hxg4 Ne4 18. Qe3 Qh4 19. Qxe4 Qxh6 20. Rd3 Qf4 21. Qxf4 exf4 22. Rad1 Bc7 23. Rd7 Bb6 24. Bxf7+ Kf8 25. Be6 Rxd7 26. Rxd7 Rd8 27. Rxh7 Rd1+ 28. Kh2 Bxf2 29. Rf7+ Ke8 30. g5 Bh4 31. g6 1-0

[Event "Aragon-chT Preferente Gr II"]
[Site "Aragon"]
[Date "2023.03.11"]
[Round "7.65"]
[White "Lopez Caudevilla, David"]
[Black "Gracia Suarez, Jesus"]
[Result "1-0"]
[WhiteElo "2165"]
[BlackElo "2071"]
[PlyCount "85"]
[EventDate "2023.01.28"]
[EventType "team-tourn"]
[EventRounds "9"]
[EventCountry "ESP"]
[SourceTitle "EXT 2024"]
[Source "ChessBase"]
[SourceDate "2023.10.10"]
[SourceVersion "1"]
[SourceVersionDate "2023.10.10"]
[SourceQuality "1"]
[WhiteTeam "Actur Rey Fernando"]
[BlackTeam "San Jose"]
[WhiteTeamCountry "ESP"]
[BlackTeamCountry "ESP"]

1. e4 e5 2. Nf3 Nc6 3. g3 Nf6 4. d3 Bc5 5. Bg2 d6 6. 0-0 Bg4 7. Nbd2 Qd7 8. c3 a5 9. Nc4 h6 10. Be3 Bxe3 11. Nxe3 0-0 12. Re1 Rfe8 13. Qc2 a4 14. Rad1 h5 15. a3 g6 16. Nxg4 hxg4 17. Nd2 Kg7 18. Nf1 Nh7 19. Qd2 Qe7 20. Ne3 Qg5 21. Nd5 Rac8 22. Qxg5 Nxg5 23. Ne3 Nf3+ 24. Bxf3 gxf3 25. h4 Re6 26. Nf1 g5 27. hxg5 Rh8 28. Nh2 f6 29. Nxf3 fxg5 30. Nxg5 Rg6 31. Nf3 Rf6 32. Nh4 Rhf8 33. Nf5+ Kg6 34. Kg2 d5 35. Rh1 Kg5 36. Rh7 Rxf5 37. exf5 e4 38. dxe4 dxe4 39. Rd5 Rxf5 40. Rxf5+ Kxf5 41. Rxc7 Ke6 42. Rxb7 Kd5 43. g4 1-0

[Event "Aragon-chT Preferente Gr II"]
[Site "Aragon"]
[Date "2023.02.25"]
[Round "5.69"]
[White "Lopez Caudevilla, David"]
[Black "Sierra Aguerri, Joaquin"]
[Result "0-1"]
[WhiteElo "2165"]
[BlackElo "2091"]
[PlyCount "95"]
[EventDate "2023.01.28"]
[EventType "team-tourn"]
[EventRounds "9"]
[EventCountry "ESP"]
[SourceTitle "EXT 2024"]
[Source "ChessBase"]
[SourceDate "2023.10.10"]
[SourceVersion "1"]
[SourceVersionDate "2023.10.10"]
[SourceQuality "1"]
[WhiteTeam "Actur Rey Fernando"]
[BlackTeam "Tauste"]
[WhiteTeamCountry "ESP"]
[BlackTeamCountry "ESP"]

1. Nf3 Nf6 2. g3 g6 3. Bg2 Bg7 4. 0-0 d6 5. d4 c6 6. c4 Qa5 7. Re1 0-0 8. e4 Bg4 9. h3 Bxf3 10. Bxf3 e5 11. Bd2 Qc7 12. d5 Nbd7 13. Na3 a6 14. Rc1 c5 15. Nc2 b5 16. b4 bxc4 17. Ne3 Nb6 18. Nxc4 Nxc4 19. Rxc4 Nd7 20. bxc5 Nxc5 21. Bb4 Rfb8 22. Be2 Bf8 23. Qc2 Qb6 24. Kg2 Ra7 25. h4 a5 26. Ba3 Rc7 27. h5 Qa7 28. hxg6 hxg6 29. Rb1 Rbc8 30. Rb5 Rb8 31. Bxc5 dxc5 32. Ra4 Rxb5 33. Bxb5 Rb7 34. Qd3 Bd6 35. Ba6 Rb4 36. Rxa5 c4 37. Qc2 Qb6 38. Ra4 Rb2 39. Qxb2 Qxb2 40. Rxc4 Qxa2 41. Rc6 Qa3 42. Be2 Kg7 43. Bg4 Kf8 44. Rc8+ Ke7 45. Rc6 Qb4 46. f3 Kf6 47. Rc2 Kg5 48. Rf2 0-1

[Event "Aragon-chT Preferente Gr-I"]
[Site "Aragon"]
[Date "2020.02.22"]
[Round "5.45"]
[White "Sig Vargas, Pablo"]
[Black "Lopez Caudevilla, David"]
[Result "1/2-1/2"]
[WhiteElo "1900"]
[BlackElo "2163"]
[PlyCount "100"]
[EventDate "2020.01.25"]
[EventType "team-tourn"]
[EventRounds "9"]
[EventCountry "ESP"]
[SourceTitle "EXT 2022"]
[Source "ChessBase"]
[SourceDate "2021.10.06"]
[SourceVersion "1"]
[SourceVersionDate "2021.10.06"]
[SourceQuality "1"]
[WhiteTeam "Enroque Barbastro"]
[BlackTeam "Actur Rey Fernando"]
[WhiteTeamCountry "ESP"]
[BlackTeamCountry "ESP"]

1. e4 g6 2. d4 Bg7 3. Nc3 c6 4. Bd3 d5 5. Nf3 Nf6 6. Be3 0-0 7. h3 dxe4 8. Nxe4 Nd5 9. Bd2 Qc7 10. Qc1 Nd7 11. 0-0 e5 12. Bh6 Nf4 13. Bxg7 Kxg7 14. dxe5 Nxd3 15. cxd3 Nxe5 16. Nxe5 Qxe5 17. Qc3 Qxc3 18. bxc3 b6 19. Rfe1 Ba6 20. Re3 c5 21. Rae1 Rad8 22. c4 Rd7 23. f3 Rfd8 24. Nf2 Bb7 25. Re8 Bc6 26. Rxd8 Rxd8 27. Re7 Bd7 28. Kf1 Kf8 29. Re5 Bf5 30. Ke2 f6 31. Re3 Kf7 32. Nd1 Bd7 33. Nc3 Bc6 34. Kd2 g5 35. Re1 h5 36. Ne4 Bxe4 37. Rxe4 Re8 38. Ke3 Re6 39. Rxe6 Kxe6 40. g3 a6 41. a4 f5 42. f4 g4 43. h4 Kd6 44. Kd2 Kc6 45. Kc3 b5 46. axb5+ axb5 47. cxb5+ Kxb5 48. Kb3 Kb6 49. Kc4 Kc6 50. d4 cxd4 1/2-1/2

[Event "Aragon-chT Preferente Gr-I"]
[Site "Aragon"]
[Date "2020.02.15"]
[Round "4.40"]
[White "Lopez Caudevilla, David"]
[Black "Galstyan, David"]
[Result "1-0"]
[WhiteElo "2163"]
[BlackElo "1825"]
[PlyCount "49"]
[EventDate "2020.01.25"]
[EventType "team-tourn"]
[EventRounds "9"]
[EventCountry "ESP"]
[SourceTitle "EXT 2022"]
[Source "ChessBase"]
[SourceDate "2021.10.06"]
[SourceVersion "1"]
[SourceVersionDate "2021.10.06"]
[SourceQuality "1"]
[WhiteTeam "Actur Rey Fernando"]
[BlackTeam "El Olivar III"]
[WhiteTeamCountry "ESP"]
[BlackTeamCountry "ESP"]

1. e4 e6 2. d3 d5 3. Nd2 c5 4. g3 Nc6 5. Bg2 Nf6 6. Ngf3 g6 7. 0-0 Bg7 8. Re1 0-0 9. Qe2 b6 10. Nf1 Bb7 11. e5 Nd7 12. Bf4 Rc8 13. h4 Qc7 14. c3 Ne7 15. N1h2 Nb8 16. Ng4 Nf5 17. Nf6+ Bxf6 18. exf6 Qd8 19. g4 Nd6 20. Bh6 Re8 21. Qe5 Nc6 22. Qg5 d4 23. Bg7 Nb8 24. Qh6 Bxf3 25. Bh8 1-0

[Event "Aragon-chT Preferente Gr-I"]
[Site "Aragon"]
[Date "2020.01.25"]
[Round "1.37"]
[White "Hinojar Basa, Alfonso"]
[Black "Lopez Caudevilla, David"]
[Result "1/2-1/2"]
[WhiteElo "2170"]
[BlackElo "2163"]
[PlyCount "83"]
[EventDate "2020.01.25"]
[EventType "team-tourn"]
[EventRounds "9"]
[EventCountry "ESP"]
[SourceTitle "EXT 2022"]
[Source "ChessBase"]
[SourceDate "2021.10.06"]
[SourceVersion "1"]
[SourceVersionDate "2021.10.06"]
[SourceQuality "1"]
[WhiteTeam "Marcos Frechin"]
[BlackTeam "Actur Rey Fernando"]
[WhiteTeamCountry "ESP"]
[BlackTeamCountry "ESP"]

1. e4 g6 2. d4 Bg7 3. Nc3 c6 4. Bc4 b5 5. Bb3 b4 6. Nce2 Nf6 7. Ng3 a5 8. c4 bxc3 9. bxc3 d5 10. e5 Ng4 11. h3 Nh6 12. N1e2 0-0 13. 0-0 f6 14. f4 fxe5 15. fxe5 Nf5 16. Nxf5 Bxf5 17. Ng3 Be6 18. Rxf8+ Qxf8 19. Bg5 Nd7 20. Qd2 Qb8 21. Bxe7 Nxe5 22. dxe5 Qa7+ 23. Qd4 Qxe7 24. Re1 Qg5 25. Nf1 Re8 26. Re3 Rf8 27. h4 Qf4 28. Re1 Rf5 29. g3 Qh6 30. c4 g5 31. cxd5 cxd5 32. hxg5 Rxg5 33. Bxd5 Bf8 34. Qc4 Bxd5 35. Qxd5+ Kh8 36. Qf7 Bc5+ 37. Kg2 Qc6+ 38. Qf3 Qe6 39. Qf6+ Qxf6 40. exf6 Kg8 41. Re6 Rf5 42. Ne3 1/2-1/2

[Event "Aragon-chT Preferente Gr I "]
[Site "Aragon"]
[Date "2018.03.03"]
[Round "6.33"]
[White "Lopez Caudevilla, David"]
[Black "Galve Guinea, Alejandro"]
[Result "1/2-1/2"]
[WhiteElo "2115"]
[BlackElo "2019"]
[PlyCount "70"]
[EventDate "2018.01.27"]
[EventType "team-tourn"]
[EventRounds "9"]
[EventCountry "ESP"]
[SourceTitle "EXT 2019"]
[Source "ChessBase"]
[SourceDate "2018.10.10"]
[SourceVersion "1"]
[SourceVersionDate "2018.10.10"]
[SourceQuality "1"]
[WhiteTeam "Actur Rey Fernando"]
[BlackTeam "El Olivar III"]
[WhiteTeamCountry "ESP"]
[BlackTeamCountry "ESP"]

1. e4 e6 2. d3 d5 3. Nd2 c5 4. g3 Nc6 5. Bg2 Nf6 6. Ngf3 Be7 7. 0-0 0-0 8. Re1 Rb8 9. c3 b5 10. Qc2 b4 11. Nf1 bxc3 12. bxc3 dxe4 13. dxe4 Ba6 14. e5 Nd5 15. h4 h6 16. N1h2 Qa5 17. Bd2 Qa3 18. Rab1 Rxb1 19. Rxb1 Rb8 20. Rxb8+ Nxb8 21. Ng4 Bf8 22. c4 Nb4 23. Qe4 N8c6 24. Bxh6 Qd3 25. Qf4 Qf5 26. Ne3 Qxf4 27. Bxf4 Nxa2 28. Ng5 Nd4 29. Be4 Nc3 30. Bh7+ Kh8 31. Bd3 Nce2+ 32. Kf1 Nxf4 33. gxf4 Kg8 34. Bh7+ Kh8 35. Bd3 Kg8 1/2-1/2

[Event "Aragon-chT Preferente Gr I "]
[Site "Aragon"]
[Date "2018.02.17"]
[Round "4.33"]
[White "Lopez Caudevilla, David"]
[Black "Carruez Gracia, Eduardo"]
[Result "1-0"]
[WhiteElo "2115"]
[BlackElo "2024"]
[PlyCount "47"]
[EventDate "2018.01.27"]
[EventType "team-tourn"]
[EventRounds "9"]
[EventCountry "ESP"]
[SourceTitle "EXT 2019"]
[Source "ChessBase"]
[SourceDate "2018.10.10"]
[SourceVersion "1"]
[SourceVersionDate "2018.10.10"]
[SourceQuality "1"]
[WhiteTeam "Actur Rey Fernando"]
[BlackTeam "Agrupacion III"]
[WhiteTeamCountry "ESP"]
[BlackTeamCountry "ESP"]

1. e4 e6 2. d3 d5 3. Nd2 Nf6 4. g3 dxe4 5. dxe4 e5 6. Bg2 Bc5 7. Ngf3 0-0 8. 0-0 Nc6 9. c3 a5 10. Qc2 Qe7 11. Nc4 b6 12. Ne3 g6 13. Re1 Bxe3 14. Bxe3 Ba6 15. Bg5 Qe6 16. h4 Ng4 17. h5 h6 18. Bd2 g5 19. Qc1 Nf6 20. Bxg5 hxg5 21. Qxg5+ Kh8 22. Bh3 Qxh3 23. Qxf6+ Kg8 24. h6 1-0

[Event "Aragon-chT Preferente Gr I "]
[Site "Aragon"]
[Date "2018.02.10"]
[Round "3.33"]
[White "Aribau Rivas, Miguel Angel"]
[Black "Lopez Caudevilla, David"]
[Result "0-1"]
[WhiteElo "2029"]
[BlackElo "2115"]
[PlyCount "108"]
[EventDate "2018.01.27"]
[EventType "team-tourn"]
[EventRounds "9"]
[EventCountry "ESP"]
[SourceTitle "EXT 2019"]
[Source "ChessBase"]
[SourceDate "2018.10.10"]
[SourceVersion "1"]
[SourceVersionDate "2018.10.10"]
[SourceQuality "1"]
[WhiteTeam "Fraga"]
[BlackTeam "Actur Rey Fernando"]
[WhiteTeamCountry "ESP"]
[BlackTeamCountry "ESP"]

1. e4 g6 2. d4 Bg7 3. Nc3 d6 4. Be3 a6 5. a4 b6 6. Qd2 Bb7 7. f3 Nd7 8. Bc4 e6 9. Nge2 h6 10. Nf4 Ndf6 11. Bb3 d5 12. exd5 exd5 13. 0-0-0 Ne7 14. Kb1 b5 15. Nd3 Nd7 16. axb5 axb5 17. Nxb5 Ba6 18. Na3 c6 19. Rhe1 Bxd3 20. Qxd3 0-0 21. g4 Nb6 22. Bf4 g5 23. Bd2 Ng6 24. c3 Qf6 25. Re2 Rfb8 26. Kc1 Bf8 27. Be3 Bxa3 28. bxa3 Rxa3 29. Rb2 Qxf3 30. Bc2 Re8 31. Bd2 Qxd3 32. Bxd3 Na4 33. Bxg6 fxg6 34. Rb7 Nxc3 35. Bxc3 Rxc3+ 36. Kb2 Rf3 37. Rd2 Re4 38. Rc7 Rf6 39. Kc3 Rxg4 40. Kb4 Rg1 41. Rc2 Rb1+ 42. Kc3 Rb8 43. Kd3 Rbf8 44. R2xc6 Rxc6 45. Rxc6 Kg7 46. Rd6 Rf3+ 47. Ke2 Rf5 48. Rd7+ Kf6 49. Rd6+ Kf7 50. Ke3 h5 51. h3 g4 52. hxg4 hxg4 53. Ra6 Kg7 54. Ra1 Kh6 0-1

[Event "Aragon-chT Preferente B"]
[Site "Aragon"]
[Date "2017.03.25"]
[Round "9.53"]
[White "Lopez Caudevilla, David"]
[Black "Sarrio Bambo, Pablo"]
[Result "1-0"]
[WhiteElo "2073"]
[BlackElo "1865"]
[PlyCount "61"]
[EventDate "2017.01.28"]
[EventType "team-tourn"]
[EventRounds "9"]
[EventCountry "ESP"]
[SourceTitle "EXT 2018"]
[Source "ChessBase"]
[SourceDate "2017.10.13"]
[SourceVersion "1"]
[SourceVersionDate "2017.10.13"]
[SourceQuality "1"]
[WhiteTeam "Actur Rey Fernando"]
[BlackTeam "Delicias II"]
[WhiteTeamCountry "ESP"]
[BlackTeamCountry "ESP"]

1. e4 c6 2. Nc3 d5 3. Nf3 dxe4 4. Nxe4 Nf6 5. Ng3 Bg4 6. Bc4 e6 7. 0-0 Nbd7 8. d4 Bd6 9. h3 Bxf3 10. Qxf3 Qc7 11. c3 0-0-0 12. a4 Rdg8 13. b4 g5 14. Qd3 h5 15. b5 h4 16. bxc6 hxg3 17. cxd7+ Kd8 18. fxg3 g4 19. h4 Nh5 20. Rxf7 Nxg3 21. Bg5+ Rxg5 22. hxg5 Nf5 23. Bxe6 Bh2+ 24. Kf2 Qf4+ 25. Ke2 Ng3+ 26. Kd1 Qxg5 27. Rb1 Nh1 28. Qc4 Bc7 29. Rxb7 Nf2+ 30. Rxf2 Rh1+ 31. Rf1 1-0

[Event "Aragon-chT Preferente B"]
[Site "Aragon"]
[Date "2017.02.04"]
[Round "2.57"]
[White "Cajo Esteban, Ruben"]
[Black "Lopez Caudevilla, David"]
[Result "0-1"]
[WhiteElo "1867"]
[BlackElo "2073"]
[PlyCount "64"]
[EventDate "2017.01.28"]
[EventType "team-tourn"]
[EventRounds "9"]
[EventCountry "ESP"]
[SourceTitle "EXT 2018"]
[Source "ChessBase"]
[SourceDate "2017.10.13"]
[SourceVersion "1"]
[SourceVersionDate "2017.10.13"]
[SourceQuality "1"]
[WhiteTeam "Doctor Azua"]
[BlackTeam "Actur Rey Fernando"]
[WhiteTeamCountry "ESP"]
[BlackTeamCountry "ESP"]

1. e4 g6 2. d4 Bg7 3. Nc3 d6 4. Bg5 h6 5. Be3 a6 6. f4 b5 7. Nf3 Bb7 8. Bd3 Nf6 9. e5 Nd5 10. Qd2 e6 11. Be4 Nxe3 12. Qxe3 d5 13. Bd3 Nd7 14. g4 h5 15. gxh5 Rxh5 16. h4 c5 17. Be2 Bf8 18. Ng5 cxd4 19. Qxd4 Bc5 20. Qd3 Rh6 21. Bf3 Qb6 22. Nxd5 exd5 23. Bxd5 Bf2+ 24. Ke2 Bxh4 25. Raf1 Bxg5 26. fxg5 Rxh1 27. Rxh1 0-0-0 28. Rd1 Nc5 29. Qh3+ Ne6 30. Bxb7+ Qxb7 31. Qc3+ Qc7 32. Qxc7+ Kxc7 0-1

[Event "Aragon-chT Preferente B"]
[Site "Aragon"]
[Date "2016.02.20"]
[Round "4.57"]
[White "Sig Vargas, Marcos"]
[Black "Lopez Caudevilla, David"]
[Result "0-1"]
[WhiteElo "2118"]
[BlackElo "2031"]
[PlyCount "50"]
[EventDate "2016.01.30"]
[EventType "team-tourn"]
[EventRounds "9"]
[EventCountry "ESP"]
[SourceTitle "EXT 2018"]
[Source "ChessBase"]
[SourceDate "2017.10.13"]
[SourceVersion "1"]
[SourceVersionDate "2017.10.13"]
[SourceQuality "1"]
[WhiteTeam "Barbastro"]
[BlackTeam "Actur Rey Fernando"]
[WhiteTeamCountry "ESP"]
[BlackTeamCountry "ESP"]

1. f4 Nf6 2. Nf3 g6 3. g3 Bg7 4. Bg2 0-0 5. 0-0 d5 6. d3 c5 7. Nc3 d4 8. Ne4 Nxe4 9. dxe4 Nc6 10. h3 e6 11. e3 b6 12. e5 Ba6 13. Re1 Rc8 14. Ng5 Nxe5 15. exd4 Nc4 16. dxc5 Nxb2 17. Qxd8 Rfxd8 18. Rb1 Na4 19. c6 Bc3 20. Re3 Bd4 21. Ne4 Nc5 22. Rb4 Nxe4 23. Bxe4 Bc5 24. Rb1 Rd1+ 25. Kf2 Rf1+ 0-1

[Event "Zaragoza Casablanca op 7th"]
[Site "Zaragoza"]
[Date "2013.12.27"]
[Round "2"]
[White "Lopez Caudevilla, David"]
[Black "Adla, Diego Gustavo"]
[Result "0-1"]
[WhiteElo "2057"]
[BlackElo "2486"]
[PlyCount "158"]
[EventDate "2013.12.26"]
[EventType "swiss"]
[EventRounds "9"]
[EventCountry "ESP"]
[SourceTitle "EXT 2015"]
[Source "ChessBase"]
[SourceDate "2014.11.20"]
[SourceVersion "1"]
[SourceVersionDate "2014.11.20"]
[SourceQuality "1"]

1. e4 c5 2. Nc3 d6 3. g3 Nc6 4. Bg2 g6 5. d3 Bg7 6. f4 e6 7. Nf3 Nge7 8. 0-0 0-0 9. Be3 b6 10. Qd2 Ba6 11. Rae1 Qd7 12. f5 gxf5 13. Bh6 f6 14. Nh4 f4 15. Qxf4 Ng6 16. Nxg6 hxg6 17. Bxg7 Kxg7 18. Rf2 Ne5 19. Ref1 Rad8 20. Bh3 Qe7 21. Bg2 Rf7 22. g4 g5 23. Qg3 Rh8 24. h3 Ng6 25. Ne2 e5 26. Qe3 Bc8 27. Ng3 Nf4 28. Nf5+ Bxf5 29. exf5 Kf8 30. a4 a5 31. Rf3 Qd7 32. b3 d5 33. Kf2 Kg7 34. Rh1 Qd6 35. Qd2 Rd7 36. Rd1 Rdd8 37. Qe3 d4 38. Qd2 Rh4 39. Rh1 Nd5 40. Rd1 Rdh8 41. Rg3 Ne3 42. Rxe3 dxe3+ 43. Qxe3 Rd8 44. Rh1 Qd4 45. Qxd4 cxd4 46. Ke2 Kf7 47. Kd2 Ke7 48. b4 axb4 49. Rb1 Rhh8 50. Rxb4 Rb8 51. Rb5 Rhc8 52. Bf3 Rc5 53. Rb2 Kd6 54. Rb1 Kc7 55. Rb2 Rd8 56. Rb1 Rd6 57. h4 gxh4 58. Rh1 Ra5 59. Rxh4 Rxa4 60. Rh7+ Kd8 61. Rg7 Ra1 62. g5 fxg5 63. Rxg5 Rh6 64. Rg2 Ke7 65. Be4 Kf6 66. Ke2 Rah1 67. Rg8 R6h2+ 68. Bg2 Rg1 69. Kf2 Rgxg2+ 70. Rxg2 Rxg2+ 71. Kxg2 Kxf5 72. Kf3 b5 73. Kg3 e4 74. dxe4+ Kxe4 75. Kf2 d3 76. Ke1 Ke3 77. Kd1 d2 78. c3 Kd3 79. c4 Kxc4 0-1

[Event "Aragon-ch"]
[Site "Zaragoza"]
[Date "2012.08.28"]
[Round "4"]
[White "Lopez Caudevilla, David"]
[Black "Ramiro Ovejero, Juan Luis"]
[Result "0-1"]
[WhiteElo "1984"]
[BlackElo "2349"]
[PlyCount "48"]
[EventDate "2012.08.25"]
[EventType "swiss"]
[EventRounds "9"]
[EventCountry "ESP"]
[SourceTitle "EXT 2024"]
[Source "ChessBase"]
[SourceDate "2023.10.10"]
[SourceVersion "1"]
[SourceVersionDate "2023.10.10"]
[SourceQuality "1"]

1. e4 c5 2. Nc3 Nc6 3. g3 g6 4. Bg2 Bg7 5. d3 d6 6. f4 e6 7. Nf3 Nge7 8. 0-0 0-0 9. Be3 b6 10. Qd2 Ba6 11. Bf2 Qd7 12. Rfe1 Rac8 13. g4 f5 14. gxf5 exf5 15. Bh3 d5 16. Ng5 h6 17. exd5 Nd4 18. Bg2 hxg5 19. fxg5 Rce8 20. h4 Bb7 21. h5 gxh5 22. Qd1 Ng6 23. Qxh5 Nf4 24. Qh1 Qf7 0-1

[Event "ESP-ch U16"]
[Site "Salobrena"]
[Date "2012.07.16"]
[Round "2"]
[White "Ananian, Arman"]
[Black "Lopez Caudevilla, David"]
[Result "1-0"]
[WhiteElo "1823"]
[BlackElo "1999"]
[PlyCount "99"]
[EventDate "2012.07.16"]
[EventType "swiss"]
[EventRounds "9"]
[EventCountry "ESP"]
[SourceTitle "EXT 2014"]
[Source "ChessBase"]
[SourceDate "2013.11.20"]
[SourceVersion "1"]
[SourceVersionDate "2013.11.20"]
[SourceQuality "1"]

1. e4 d6 2. d4 Nf6 3. Nc3 g6 4. Be2 Bg7 5. h4 h5 6. Nf3 Nc6 7. d5 Ne5 8. Nxe5 dxe5 9. f3 a6 10. Be3 Qd6 11. Qd2 0-0 12. 0-0-0 b5 13. Rdg1 Bd7 14. g4 b4 15. Nd1 hxg4 16. Nf2 gxf3 17. Bxf3 Rfc8 18. h5 Nh7 19. hxg6 fxg6 20. Bh6 Qf6 21. Bxg7 Qxg7 22. Rh6 g5 23. Rxh7 Kxh7 24. Rxg5 Qf6 25. Rh5+ Kg7 26. Rg5+ Kf8 27. Bg4 Bxg4 28. Rxg4 Ke8 29. b3 Rab8 30. Kb2 Kd7 31. Nd3 Rg8 32. Rxg8 Rxg8 33. Qxb4 Ke8 34. Qb8+ Kf7 35. Qxc7 Rg5 36. a4 Qd6 37. Qc3 Kf6 38. Qc6 Qxc6 39. dxc6 Ke6 40. c7 Kd7 41. Nc5+ Kc8 42. Nxa6 Rg4 43. Nc5 Kxc7 44. Kc3 Rg2 45. Kd3 Kc6 46. b4 Rh2 47. c3 Ra2 48. Kc4 Ra1 49. a5 Rb1 50. Nd3 1-0

[Event "ESP-ch U14"]
[Site "Padron"]
[Date "2011.07.16"]
[Round "7"]
[White "Rubio Tent, Francisco"]
[Black "Lopez Caudevilla, David"]
[Result "1-0"]
[WhiteElo "2063"]
[BlackElo "1851"]
[PlyCount "85"]
[EventDate "2011.07.12"]
[EventType "swiss"]
[EventRounds "9"]
[EventCountry "ESP"]
[SourceTitle "CBM 143 Extra"]
[Source "ChessBase"]
[SourceDate "2011.08.29"]
[SourceVersion "1"]
[SourceVersionDate "2011.08.29"]
[SourceQuality "1"]

1. e4 d6 2. d4 Nf6 3. Nc3 g6 4. f4 Bg7 5. Nf3 0-0 6. Bd3 Nc6 7. e5 dxe5 8. fxe5 Nd5 9. Nxd5 Qxd5 10. c3 Bg4 11. 0-0 Rad8 12. h3 Bxf3 13. Rxf3 Bxe5 14. Qf1 Bxd4+ 15. cxd4 Qxd4+ 16. Kh1 Ne5 17. Be2 Nxf3 18. Qxf3 Rd5 19. Bh6 Rfd8 20. Qb3 Qh4 21. Bc4 Rf5 22. Be3 b5 23. Bd3 Rfd5 24. Bxb5 Qh5 25. Bc4 Rd1+ 26. Rxd1 Qxd1+ 27. Qxd1 Rxd1+ 28. Kh2 a5 29. a4 e5 30. Bh6 Rd7 31. Kg3 Kh8 32. Kf3 f5 33. b3 Rd1 34. Ke2 Rg1 35. Kf2 Rd1 36. Kf3 c6 37. Kf2 Rd8 38. Bg5 Rf8 39. Be7 Kg7 40. Bxf8+ Kxf8 41. b4 Ke7 42. bxa5 Kd7 43. Bg8 1-0

[Event "ESP-ch U14"]
[Site "Padron"]
[Date "2011.07.14"]
[Round "5"]
[White "Gonzalez Santamartina, Jorge"]
[Black "Lopez Caudevilla, David"]
[Result "1/2-1/2"]
[WhiteElo "1733"]
[BlackElo "1851"]
[PlyCount "61"]
[EventDate "2011.07.12"]
[EventType "swiss"]
[EventRounds "9"]
[EventCountry "ESP"]
[SourceTitle "CBM 143 Extra"]
[Source "ChessBase"]
[SourceDate "2011.08.29"]
[SourceVersion "1"]
[SourceVersionDate "2011.08.29"]
[SourceQuality "1"]

1. e4 d6 2. d4 Nf6 3. Nc3 g6 4. Nf3 Bg7 5. Bc4 0-0 6. 0-0 Nc6 7. h3 e5 8. dxe5 Nxe5 9. Nxe5 dxe5 10. Bg5 c6 11. a4 h6 12. Bh4 g5 13. Bg3 Qe7 14. Qe2 h5 15. Qe3 h4 16. Bh2 Nh5 17. Qf3 Nf4 18. Bxf4 exf4 19. Rad1 Be6 20. Bxe6 fxe6 21. Rd3 Rad8 22. Rfd1 c5 23. Qg4 Rxd3 24. Rxd3 c4 25. Rd1 a6 26. Rd2 Rf7 27. Rd1 Be5 28. Qe2 Qc7 29. Qg4 Qe7 30. Qe2 Qc7 31. Qg4 1/2-1/2